| 000 | 00721cam a2200205 i 4500 | ||
|---|---|---|---|
| 005 | 20251230082112.0 | ||
| 008 | 250721s9999 ua gr 000 0 ara d | ||
| 082 | 1 | 4 |
_a218.8262 _bا م ا |
| 100 | 1 |
_aإمام، حمادة _eمؤلف. |
|
| 245 | 1 | 2 |
_aالإخوان و الأمريكان / _cحمادة امام. |
| 264 | 3 | 1 |
_a[القاهرة]: _bمدبولي الصغير، _c[بين 2000 و 2008]. |
| 300 | _a262 صفحة. | ||
| 650 | 1 | 7 | _aتاريخ مصر. |
| 650 | 1 | 7 | _aالحركات الاسلاميه. |
| 650 | 1 | 7 | _aالمنظمات الاسلاميه. |
| 650 | 1 | 7 | _aالحركات السريه. |
| 650 | 1 | 7 | _aالولايات المتحده. |
| 942 |
_2ddc _cBK |
||
| 999 |
_c110910 _d110910 |
||